Cartago
Salvato in:
| Autore principale: | |
|---|---|
| Natura: | Libro |
| Lingua: | francese |
| Pubblicazione: |
Buenos Aires
EUDEBA
1968
|
| Serie: | Los Indispensables, 172
|
| Soggetti: | |
| Tags: |
Aggiungi Tag
Nessun Tag, puoi essere il primo ad aggiungerne!!
|
MARC
| LEADER | 00000nam a2200000 a 4500 | ||
|---|---|---|---|
| 001 | UCP9730 | ||
| 003 | CL-VaPUC | ||
| 008 | 000331e19680000AG |||||||||||||||||fre|d | ||
| 082 | 0 | 4 | |a 938.73 |b HOU |2 21 |
| 100 | 0 | |a Hours-Miédan, Madeleine |e author |9 440495 | |
| 245 | 1 | 0 | |a Cartago |
| 300 | |a 101 p | ||
| 942 | |c BK | ||
| 945 | |d 20000331 00:00:00 |a rherrera | ||
| 260 | |a Buenos Aires |b EUDEBA |c 1968 | ||
| 650 | 0 | |a Historia antigua |9 267521 | |
| 650 | 0 | |a Geografía |9 259346 | |
| 650 | 7 | |a ORIGEN |2 CL-VaPUC |9 373505 | |
| 650 | 7 | |a FUNDACION |2 CL-VaPUC |9 399101 | |
| 650 | 0 | |a Religión |9 255164 | |
| 650 | 7 | |a INSTITUCIONES |2 CL-VaPUC |9 329701 | |
| 650 | 0 | |a Arte |9 265238 | |
| 651 | 0 | |a Cartago |9 320485 | |
| 651 | 0 | |a Roma |9 255106 | |
| 583 | |a last modification |c 20190801 11:05:44 |k Rodrigo Vera | ||
| 490 | 0 | |a Los Indispensables, 172 | |
| 999 | |c 286516 |d 286514 | ||
| 952 | |0 0 |1 0 |4 0 |6 938_730000000000000_HOU_1968 |7 0 |8 A |9 332500 |a BIBHIS |b BIBHIS |d 2019-11-20 |i 1261347 |o 938.73 HOU 1968 |p 1261347 |r 2025-01-20 |w 2019-11-20 |y BK |k HIS | ||